Zásady pracovného práva a ich význam

Pracovné právo - základná právna norma je Zákonník práce. Základné zásady ZP predstavujú základné princípy pracovného práva, ktorými sa majú riadiť pracovnoprávne vzťahy. V súčasnosti je 11 základných zásad pracovného práva.

Guardado en:
Detalles Bibliográficos
Autor principal: Slaninková, Katarína
Formato: Capítulo de libro
Lenguaje:eslovaco
Materias:
Etiquetas: Agregar Etiqueta
Sin Etiquetas, Sea el primero en etiquetar este registro!

MARC

LEADER 00000naa a2200000 4500
001 0211946
005 20231120135633.3
041 0 |a slo 
044 |a SK 
245 1 0 |a Zásady pracovného práva a ich význam  |c Katarína Slaninková 
520 |a Pracovné právo - základná právna norma je Zákonník práce. Základné zásady ZP predstavujú základné princípy pracovného práva, ktorými sa majú riadiť pracovnoprávne vzťahy. V súčasnosti je 11 základných zásad pracovného práva. 
610 2 0 |a právo pracovné 
610 2 0 |a vzťahy pracovnoprávne 
610 2 0 |a zákonník práce 
100 1 |a Slaninková, Katarína